El hombre y el destino de los trágicos griegos (Registro nro. 28701)
[ vista simple ]
| 000 -LEADER | |
|---|---|
| fixed length control field | 00395 a2200109 4500 |
| 001 - CONTROL NUMBER | |
| control field | ART_23657 |
| 005 - DATE AND TIME OF LATEST TRANSACTION | |
| control field | 20260410161932.0 |
| 008 - FIXED-LENGTH DATA ELEMENTS--GENERAL INFORMATION | |
| fixed length control field | 260409a |
| 100 1# - MAIN ENTRY--PERSONAL NAME | |
| Personal name | Letizia, Francisco |
| 245 10 - TITLE STATEMENT | |
| Title | El hombre y el destino de los trágicos griegos |
| 773 0# - HOST ITEM ENTRY | |
| Title | Revista de la Facultad de Ciencias Económicas de la Universidad de Cuyo |
| Related parts | - Año XXXI, Nº 79 (ene./jun. 1979) |
| Record control number | REV22981 |
No hay ítems disponibles.